00387 a2200109 4500001001000000005001700010008004100027245010500068100002100173773006600194999001700260ART_1048820260410161848.0260409a 10aHacia el cambio del paradigma económico a través de la experiencia de los países en desarrollo1 aDiamand, Marcelo0 tEconómicag- Año XXIII, Nº 1/2 (ene./ago. 1977)wREV7541 c24779d24779